|
|
|
|
| LEADER |
00000nam a2200000 4500 |
| 001 |
vtls012152407 |
| 003 |
SK-MaSNL |
| 005 |
20260301105341.0 |
| 008 |
221020s2022 xo o g 000 0dslo |
| 015 |
|
|
|a SNBE2023
|
| 020 |
|
|
|a 9788082170552 (brožované)
|z 978808217552
|
| 040 |
|
|
|a SNK
|b slo
|c SNK
|e rda
|
| 041 |
0 |
|
|a slo
|
| 043 |
|
|
|a e-xo---
|a e-xr---
|b e-xr-mr
|a e-xr---
|b e-xr-zl
|
| 044 |
|
|
|a xo
|c SK
|
| 072 |
|
7 |
|a 398
|x Folklór. Ľudové tradície
|2 konspekt
|
| 080 |
|
|
|a 78.071.1/.2:39
|2 2011
|
| 080 |
|
|
|a 788.91.071.2
|2 2011
|
| 080 |
|
|
|a 78.031.4
|2 2011
|
| 080 |
|
|
|a 398
|2 2011
|
| 080 |
|
|
|a (437.6)
|2 2011
|
| 080 |
|
|
|a (437.323)
|2 2011
|
| 080 |
|
|
|a (036)
|2 2011
|
| 080 |
|
|
|a (437.32)
|2 2011
|
| 245 |
0 |
0 |
|a Po stopách starých gajdošov
|c zostavil: kolektív autorov
|
| 250 |
|
|
|a Prvé vydanie
|
| 264 |
|
1 |
|a [Námestovo]
|b Tlačiareň Kubík
|c 2022
|
| 300 |
|
|
|a 23 strán
|b fotografie
|c 24 cm
|
| 336 |
|
|
|a text
|b txt
|2 rdacontent
|
| 337 |
|
|
|a bez média
|b n
|2 rdamedia
|
| 338 |
|
|
|a zväzok
|b nc
|2 rdacarrier
|
| 500 |
|
|
|a Miesto vydania podľa NA ISBN
|
| 650 |
0 |
7 |
|a gajdoši
|2 SNKPH
|9 75451
|
| 650 |
0 |
7 |
|a ľudoví hudobníci
|2 SNKPH
|9 90586
|
| 650 |
0 |
7 |
|a ľudová hudba
|2 SNKPH
|9 3183
|
| 650 |
0 |
7 |
|a folklór
|2 SNKPH
|9 19213
|
| 650 |
0 |
7 |
|a Folk musicians
|2 SNKPHeng
|9 416253
|
| 650 |
0 |
7 |
|a Bagpipers
|2 SNKPHeng
|9 445492
|
| 650 |
0 |
7 |
|a Folk music
|2 SNKPHeng
|9 90462
|
| 650 |
0 |
7 |
|a Folklore
|2 SNKPHeng
|9 310560
|
| 651 |
|
7 |
|a Orava (Slovensko : región)
|2 SNKPHgeo
|9 116635
|
| 651 |
|
7 |
|a Kašava (Česko)
|2 SNKPHgeo
|9 445493
|
| 651 |
|
7 |
|a Orava (Slovakia : region)
|2 SNKPHeng
|9 142438
|
| 651 |
|
7 |
|a Kašava (Czechia)
|2 SNKPHeng
|9 445494
|
| 655 |
|
7 |
|a informačné publikácie
|2 SNKPH
|9 70181
|
| 655 |
|
7 |
|a Information publications
|2 SNKPHeng
|9 265188
|
| 919 |
|
|
|a 978-80-8217-055-2
|
| 999 |
|
|
|c 700643
|d 702573
|
| 952 |
|
|
|a SNK
|b SNK
|y PREZ
|7 0
|p 17A1494684
|o snkOSC 29741
|i snk2022/15934
|8 0
|0 0
|1 0
|4 0
|d 2022-10-20
|l 0
|r 2026-02-23 20:56:08
|w 2026-02-23
|
| 952 |
|
|
|a SNK
|b SNK
|y VYP
|7 0
|p 17A1494685
|o snkOSC 29741 D1
|i snk2022/15935
|8 0
|0 0
|1 0
|4 0
|d 2022-10-20
|l 0
|r 2026-02-23 20:56:08
|w 2026-02-23
|